Xã hội học văn hóa

Sách cung cấp những hiểu biết căn bản và hệ thống về xã hội học văn hóa như xã hội, khuôn mẫu ứng xử, thể chế xã hội, chuẩn mực và giá trị, nếp sống

محفوظ في:
التفاصيل البيبلوغرافية
المؤلف الرئيسي: Mai, Văn Hai
التنسيق: كتاب
اللغة:Undetermined
منشور في: Hà Nội Đại học Quốc gia 2005
الموضوعات:
الوسوم: إضافة وسم
لا توجد وسوم, كن أول من يضع وسما على هذه التسجيلة!
Thư viện lưu trữ: Trung tâm Học liệu Trường Đại học Cần Thơ
LEADER 00805nam a2200205Ia 4500
001 CTU_113120
008 210402s9999 xx 000 0 und d
020 |c 22000 
082 |a 303.482 
082 |b H103 
100 |a Mai, Văn Hai 
245 0 |a Xã hội học văn hóa 
245 0 |c Mai Văn Hai 
260 |a Hà Nội 
260 |b Đại học Quốc gia 
260 |c 2005 
520 |a Sách cung cấp những hiểu biết căn bản và hệ thống về xã hội học văn hóa như xã hội, khuôn mẫu ứng xử, thể chế xã hội, chuẩn mực và giá trị, nếp sống 
650 |a Intercultural communication,Social processes 
904 |i Minh 
980 |a Trung tâm Học liệu Trường Đại học Cần Thơ